[Event "ICS rated blitz match"]
[Site "204.178.125.65"]
[Date "2000.04.10"]
[Round "?"]
[White "lupica"]
[Black "Hossa"]
[Result "1/2-1/2"]
[WhiteElo "2070"]
[BlackElo "2451"]
[PlyCount "62"]

1. e4 e5 2. Nf3 Nc6 3. Bb5 a6 4. Ba4 Nf6 5. O-O Be7 6. Bxc6 dxc6 7. d3 Nd7 8.
Nbd2 O-O 9. Nc4 f6 10. b3 Nb6 11. Ne3 Bd6 12. Bb2 Be6 13. d4 exd4 14. Nxd4 Bd7
15. Ndf5 Be5 16. Bxe5 fxe5 17. Qe2 Qg5 18. f3 g6 19. Ng3 Rad8 20. Rad1 Qf6 21.
Rd2 Rf7 22. Rfd1 Rdf8 23. a4 Be6 24. a5 Nd7 25. Nc4 Qf4 26. Nf1 Qf6 27. Nfe3
Nc5 28. Nf1 Nd7 29. Qe3 Ra8 30. Qc3 Raf8 31. Qe3 Ra8 1/2-1/2

[Event "ICS rated blitz match"]
[Site "204.178.125.65"]
[Date "2000.04.10"]
[Round "?"]
[White "Hossa"]
[Black "Tinker"]
[Result "1-0"]
[WhiteElo "2438"]
[BlackElo "2380"]
[PlyCount "117"]

1. e4 e5 2. Nf3 Nc6 3. Nc3 Nge7 4. Bc4 Ng6 5. d3 Na5 6. Bb5 c6 7. Ba4 b5 8. Bb3
d5 9. exd5 b4 10. Ne2 Nxb3 11. axb3 cxd5 12. d4 e4 13. Ne5 Bd6 14. Nf4 Nxf4 15.
Bxf4 Qf6 16. Bg3 O-O 17. O-O Qe6 18. Re1 Bxe5 19. Bxe5 Bb7 20. Qd2 Qe7 21. Ra4
a5 22. Rea1 Qd8 23. c4 Re8 24. Qf4 dxc4 25. bxc4 f6 26. Bd6 Bc6 27. R4a2 Bb7
28. Bc5 Kh8 29. b3 Re6 30. d5 Re8 31. Qd6 Qxd6 32. Bxd6 e3 33. fxe3 Rxe3 34.
Bxb4 Rxb3 35. Bxa5 Rd3 36. Re1 g5 37. Rb1 Ra7 38. Rd2 Rxd2 39. Bxd2 Ba8 40. Kf2
Ra2 41. Rb8+ Kg7 42. Ke3 Ra3+ 43. Kd4 Kg6 44. Rg8+ Kf7 45. Rc8 g4 46. Bb4 Ra4
47. Rb8 Ra6 48. c5 f5 49. Ke5 g3 50. hxg3 Kg7 51. Rd8 Ra4 52. c6 Rxb4 53. Rxa8
Rc4 54. Ra7+ Kg6 55. Re7 Re4+ 56. Kd6 Ra4 57. Kd7 Ra7+ 58. c7 Kg5 59. d6 1-0

[Event "ICS rated blitz match"]
[Site "204.178.125.65"]
[Date "2000.04.10"]
[Round "?"]
[White "Tinker"]
[Black "Hossa"]
[Result "0-1"]
[WhiteElo "2367"]
[BlackElo "2451"]
[PlyCount "146"]

1. e4 e5 2. Nf3 Nc6 3. Bc4 Bc5 4. d3 Nf6 5. Ng5 O-O 6. Bxf7+ Rxf7 7. Nxf7 Kxf7
8. c3 d5 9. Qb3 Kf8 10. O-O dxe4 11. Qc4 Qd6 12. dxe4 Be6 13. Qe2 Rd8 14. Bg5
Bg4 15. Qe1 Qd3 16. b4 Bb6 17. Qc1 Qxe4 18. Bxf6 gxf6 19. Qh6+ Kf7 20. Nd2 Qd3
21. b5 Ne7 22. Nb3 Rh8 23. Qd2 Qxb5 24. h3 Be6 25. Qd1 Qc4 26. Qh5+ Ng6 27.
Rac1 Qa4 28. Rc2 Bxb3 29. axb3 Qxb3 30. Qf5 Qd5 31. Qh5 Qd3 32. Rcc1 a5 33.
Rfd1 Qg3 34. Kh1 Qxf2 35. Qg4 f5 36. Qh5 f4 37. Qf5+ Kg7 38. Rd7+ Kh6 39. Qf6
f3 40. Qxf3 Qxf3 41. gxf3 Rf8 42. Rf1 e4 43. f4 e3 44. f5 e2 45. Re1 Nf4 46.
Re7 Rxf5 47. Re4 Kh5 48. Re7 h6 49. c4 Rg5 50. R1xe2 Bc5 51. R7e5 Nxe2 52. Rxe2
Kh4 53. Ra2 Rg1+ 54. Kh2 Rc1 55. Re2 Rxc4 56. Kg2 b5 57. Rb2 Bb4 58. Rf2 c5 59.
Kh2 Re4 60. Rf6 Re2+ 61. Kg1 h5 62. Rf3 Kg5 63. Kf1 Rh2 64. Kg1 Rd2 65. Kh1 h4
66. Rf1 Rd3 67. Kh2 Bd2 68. Rf8 Bf4+ 69. Kg2 Bg3 70. Rg8+ Kf5 71. Rh8 Ke4 72.
Rg8 Bf4 73. Rg4 Rd2+ 0-1

[Event "ICS rated blitz match"]
[Site "204.178.125.65"]
[Date "2000.04.10"]
[Round "?"]
[White "Hossa"]
[Black "Tinker"]
[Result "1-0"]
[WhiteElo "2463"]
[BlackElo "2355"]
[PlyCount "73"]

1. e4 e5 2. Nf3 Nc6 3. Nc3 d6 4. Bb5 Bg4 5. d3 Nge7 6. Be3 a6 7. Ba4 b5 8. Bb3
Qd7 9. h3 Be6 10. O-O Bxb3 11. axb3 Nb4 12. d4 exd4 13. Nxd4 O-O-O 14. Nce2 c5
15. Nf3 Qb7 16. c3 Nbc6 17. Qb1 f6 18. Rd1 g5 19. Qa2 Nb8 20. Ng3 h5 21. Nd2 h4
22. Ne2 g4 23. hxg4 Bh6 24. Bxh6 Rxh6 25. Nf4 Ng6 26. Nd5 Ne5 27. Qa5 Nxg4 28.
Nf3 Rhh8 29. Nb6+ Kc7 30. Nc4+ Kc8 31. Nxd6+ Rxd6 32. Rxd6 h3 33. gxh3 Qxe4 34.
Qb6 Qxf3 35. Qxc5+ Kb7 36. Rb6+ Ka8 37. Rbxa6+ 1-0

[Event "ICS rated blitz match"]
[Site "204.178.125.65"]
[Date "2000.04.10"]
[Round "?"]
[White "Tinker"]
[Black "Hossa"]
[Result "0-1"]
[WhiteElo "2344"]
[BlackElo "2474"]
[PlyCount "134"]

1. e4 e5 2. Nf3 Nc6 3. d4 exd4 4. Nxd4 Bc5 5. Nb3 Bb6 6. Nc3 d6 7. Nd5 Nf6 8.
Qe2 Nxd5 9. exd5+ Ne5 10. Bd2 O-O 11. O-O-O Ng4 12. Be1 Re8 13. Qf3 Bd7 14. h3
Qh4 15. g3 Qf6 16. Qxf6 Nxf6 17. Bg2 Bb5 18. Kb1 Ne4 19. f3 Be2 20. Rc1 Nf6 21.
f4 Be3 22. Bd2 Bc4 23. Rhd1 Bxd5 24. Bxd5 Nxd5 25. Bxe3 Nxe3 26. Rg1 Re7 27.
Na5 c6 28. Rce1 Rae8 29. Rc1 d5 30. g4 d4 31. Rge1 c5 32. Rg1 c4 33. Rge1 d3
34. cxd3 cxd3 35. Nb3 f6 36. g5 f5 37. Rc5 Re4 38. Rc7 Nd5 39. Rxe4 Rxe4 40.
Rc8+ Kf7 41. Rc1 Nxf4 42. Rc7+ Re7 43. Rxe7+ Kxe7 44. h4 Kd6 45. Kc1 Kd5 46.
Kd2 h6 47. Ke3 Ng2+ 48. Kxd3 Nxh4 49. gxh6 gxh6 50. Ke3 Ng6 51. Nd2 h5 52. Nf3
f4+ 53. Ke2 h4 54. Kf2 b5 55. Kf1 a5 56. Kg2 Ke4 57. Ne1 Ne5 58. Kh3 f3 59.
Nxf3 Nxf3 60. Kg4 Ke3 61. Kh3 b4 62. Kg4 a4 63. Kh3 Kf4 64. Kg2 Kg4 65. Kh1 b3
66. axb3 axb3 67. Kg2 Ne1+ 0-1

[Event "ICS rated standard match"]
[Site "204.178.125.65"]
[Date "2000.04.10"]
[Round "?"]
[White "Hossa"]
[Black "VW"]
[Result "0-1"]
[WhiteElo "2347"]
[BlackElo "2193"]
[PlyCount "132"]

1. e4 c5 2. Nf3 e6 3. d4 cxd4 4. Nxd4 a6 5. c4 Nf6 6. Nc3 Qc7 7. a3 b6 8. Bd3
Bb7 9. O-O Be7 10. Qe2 d6 11. f4 O-O 12. Kh1 Nfd7 13. b4 Bf6 14. Be3 Nc6 15.
Nxc6 Bxc3 16. Rac1 Bf6 17. Nd4 Rac8 18. Rcd1 Rfe8 19. a4 Bxd4 20. Bxd4 e5 21.
Be3 a5 22. bxa5 bxa5 23. Qb2 exf4 24. Rxf4 Ba6 25. Rg4 Ne5 26. Bh6 g6 27. Rf4
Rb8 28. Qa1 Bxc4 29. Bxc4 Qxc4 30. Rdf1 Rb7 31. g3 Reb8 32. Kg1 Rb2 33. Qd1
Qc5+ 34. Kh1 Rc8 35. Rh4 Qc2 36. Qxc2 Rcxc2 37. Kg1 Ra2 38. Bg5 h5 39. Bd8 Ng4
40. Rb1 Nxh2 41. Rxh2 Rxh2 42. Bf6 g5 43. Rb5 Rhg2+ 44. Kh1 Rgc2 45. Rxg5+ Kf8
46. Bd4 Rc1+ 47. Bg1 Raa1 48. Rxa5 Rxg1+ 49. Kh2 Rge1 50. Kg2 Rxe4 51. Rxh5
Rexa4 52. Rd5 R1a2+ 53. Kh3 Ke7 54. Rh5 Ke6 55. Rh6+ f6 56. Rh8 Ra8 57. Rh4 f5
58. Rh5 Kf6 59. Rh6+ Kg5 60. Rh7 Re8 61. Rg7+ Kh6 62. Ra7 Rxa7 63. Kh4 Ra4+ 64.
Kh3 Re2 65. g4 Ra3+ 66. Kh4 Rh2# 0-1

[Event "ICS rated blitz match"]
[Site "204.178.125.65"]
[Date "2000.04.10"]
[Round "?"]
[White "scriabin"]
[Black "Hossa"]
[Result "0-1"]
[WhiteElo "2099"]
[BlackElo "2484"]
[PlyCount "34"]

1. d4 d5 2. c4 e6 3. Nc3 Nf6 4. cxd5 exd5 5. Bg5 Be7 6. e3 O-O 7. Qc2 Nc6 8. a3
Re8 9. Bd3 h6 10. Bh4 a6 11. Nge2 Nh5 12. Bxe7 Nxe7 13. O-O c6 14. b4 g6 15. f3
b6 16. Rae1 Ng7 17. Rd1 Nef5 0-1

[Event "ICS rated standard match"]
[Site "204.178.125.65"]
[Date "2000.04.10"]
[Round "?"]
[White "Hossa"]
[Black "jeffry2k"]
[Result "1-0"]
[WhiteElo "2342"]
[BlackElo "1954"]
[PlyCount "69"]

1. e4 c5 2. Nf3 d6 3. d4 cxd4 4. Nxd4 Nf6 5. Nc3 g6 6. Be3 Bg7 7. f3 Bd7 8. Bd3
Nc6 9. O-O O-O 10. Qd2 Ne5 11. Be2 Rc8 12. Rad1 Nc4 13. Bxc4 Rxc4 14. Nb3 b5
15. e5 Ne8 16. exd6 Nxd6 17. Bxa7 Bf5 18. Bc5 Rxc5 19. Nxc5 Qb6 20. b4 Nc4 21.
Qe1 Bxc2 22. Nd5 Qa7 23. Qxe7 Qxe7 24. Nxe7+ Kh8 25. Rc1 Bd4+ 26. Kh1 Ne3 27.
Rf2 Re8 28. Re1 f5 29. Nd5 g5 30. Rxc2 Re5 31. Nxe3 f4 32. Ne6 Rxe6 33. Rc8+
Kg7 34. Nf5+ Kf6 35. Rf8+ 1-0

[Event "ICS rated blitz match"]
[Site "204.178.125.65"]
[Date "2000.04.10"]
[Round "?"]
[White "Hossa"]
[Black "QueenMaxima"]
[Result "1-0"]
[WhiteElo "2487"]
[BlackElo "2440"]
[PlyCount "75"]

1. e4 c5 2. Nf3 d6 3. d4 cxd4 4. Nxd4 Nf6 5. Nc3 g6 6. Be3 Bg7 7. f3 O-O 8. Qd2
Nc6 9. Bc4 Bd7 10. O-O-O Qa5 11. Nb3 Qb4 12. Bd5 Nxd5 13. Nxd5 Qa4 14. Kb1 Rfc8
15. Bh6 Be6 16. Bxg7 Kxg7 17. Nc3 Qc4 18. h4 Qb4 19. h5 Bxb3 20. hxg6 Bxa2+ 21.
Kxa2 Qc4+ 22. b3 Qa6+ 23. Kb2 fxg6 24. Qh6+ Kf7 25. Qxh7+ Ke6 26. Nd5 Kd7 27.
Qh3+ e6 28. Qh7+ Ne7 29. Qxe7+ Kc6 30. Nb4+ Kb5 31. Nxa6 Rxc2+ 32. Kxc2 Rc8+
33. Nc7+ Rxc7+ 34. Qxc7 d5 35. exd5 g5 36. Qxb7+ Kc5 37. dxe6 a5 38. Rd5# 1-0

[Event "ICS rated blitz match"]
[Site "204.178.125.65"]
[Date "2000.04.10"]
[Round "?"]
[White "postalex"]
[Black "Hossa"]
[Result "1/2-1/2"]
[WhiteElo "2069"]
[BlackElo "2505"]
[PlyCount "152"]

1. e4 e5 2. Nf3 Nc6 3. Bb5 a6 4. Ba4 Nf6 5. O-O Be7 6. Bxc6 dxc6 7. Re1 Bg4 8.
h3 Bxf3 9. Qxf3 O-O 10. d3 Bb4 11. Bd2 Bxd2 12. Nxd2 Qe7 13. Nc4 b5 14. Ne3 g6
15. Qg3 Nd7 16. f4 Qb4 17. b3 Qd4 18. Kh1 a5 19. Rf1 a4 20. Rae1 axb3 21. axb3
Ra2 22. Nf5 Qc3 23. Nh6+ Kg7 24. Nf5+ Kg8 25. Ne7+ Kh8 26. Qg4 Qxc2 27. Rc1 Qb2
28. Rb1 Qd4 29. Nxc6 Qd6 30. Nxe5 Nxe5 31. fxe5 Qxe5 32. Qf4 Qxf4 33. Rxf4 Kg7
34. Rc1 Rb2 35. Rxc7 Rb1+ 36. Kh2 Rxb3 37. e5 g5 38. Rf3 Kg8 39. Rf5 h6 40. d4
Rd3 41. Rf6 Rxd4 42. Rxh6 Re8 43. Rf6 Rf4 44. Rxf4 gxf4 45. Rc5 Rb8 46. Rc3 Kg7
47. g4 b4 48. Rb3 Kg6 49. Kg2 Kg5 50. Kf3 Rb6 51. h4+ Kxh4 52. Kxf4 Rb7 53. Rb1
Kh3 54. Rb3+ Kg2 55. Kf5 Rb6 56. g5 Kg1 57. Rb2 b3 58. Ke4 Rb8 59. Kd3 Rb5 60.
Kd4 Rb4+ 61. Kd5 Rb5+ 62. Kd6 Kf1 63. Ke7 Rxe5+ 64. Kxf7 Rxg5 65. Rxb3 Kg1 66.
Kf6 Rh5 67. Rb2 Kh1 68. Kg6 Rh4 69. Kg5 Rh3 70. Kg4 Re3 71. Kf4 Rh3 72. Kg4 Re3
73. Kf4 Rh3 74. Kg4 Re3 75. Kf4 Rh3 76. Kg4 Re3 1/2-1/2

[Event "ICS rated blitz match"]
[Site "204.178.125.65"]
[Date "2000.04.10"]
[Round "?"]
[White "Hossa"]
[Black "appel"]
[Result "1/2-1/2"]
[WhiteElo "2491"]
[BlackElo "2218"]
[PlyCount "67"]

1. e4 c5 2. Nf3 e6 3. d4 cxd4 4. Nxd4 Nf6 5. Nc3 d6 6. Be2 a6 7. O-O Nbd7 8.
Nf3 b5 9. Qd4 Qb6 10. Qxb6 Nxb6 11. e5 dxe5 12. Nxe5 Bb7 13. Be3 Nfd5 14. Bxb6
Nxb6 15. Rfd1 Bb4 16. Nxb5 axb5 17. Bxb5+ Ke7 18. Bc6 Bd6 19. Bxb7 Bxe5 20.
Bxa8 Rxa8 21. c3 Na4 22. Rd2 Rb8 23. Re2 Bf6 24. c4 Bxb2 25. Rb1 Kd6 26. Re3
Kc7 27. Rb3 Rb6 28. c5 Rb7 29. h4 e5 30. g4 Kc6 31. g5 Rb5 32. Rf3 Rb7 33. Rb3
Rb5 34. Rf3 1/2-1/2

[Event "ICS rated blitz match"]
[Site "204.178.125.65"]
[Date "2000.04.10"]
[Round "?"]
[White "Hossa"]
[Black "appel"]
[Result "1-0"]
[WhiteElo "2483"]
[BlackElo "2228"]
[PlyCount "29"]

1. e4 c5 2. Nf3 e6 3. d4 cxd4 4. Nxd4 Nf6 5. Nc3 d6 6. Be2 a6 7. O-O Nbd7 8.
Nf3 b5 9. Qd4 Bb7 10. a4 bxa4 11. Qxa4 Be7 12. e5 dxe5 13. Nxe5 O-O 14. Rd1 Bc8
15. Bg5 1-0

[Event "ICS rated blitz match"]
[Site "204.178.125.65"]
[Date "2000.04.10"]
[Round "?"]
[White "appel"]
[Black "Hossa"]
[Result "0-1"]
[WhiteElo "2223"]
[BlackElo "2488"]
[PlyCount "86"]

1. d4 d5 2. c4 e6 3. Nc3 Nf6 4. cxd5 exd5 5. Bg5 Be7 6. Qc2 O-O 7. e3 c6 8. Bd3
Nbd7 9. Nf3 Re8 10. O-O Nf8 11. h3 Be6 12. Ne5 N6d7 13. Bf4 Nxe5 14. Bxe5 Qd7
15. a3 Ng6 16. Bh2 Bg5 17. Na4 Qe7 18. Rfc1 Bh6 19. b4 Qg5 20. Kh1 Bd7 21. Nc5
Bc8 22. b5 b6 23. Nb3 cxb5 24. Bxb5 Rf8 25. Nd2 Nh4 26. Bf1 Bd7 27. Qc7 Qf5 28.
Qg3 Bg5 29. Rc7 Bd8 30. Rc3 Rc8 31. Bd3 Qf6 32. Rac1 Be7 33. Ba6 Rxc3 34. Rxc3
b5 35. Bb7 b4 36. axb4 Bxb4 37. Rc2 Be6 38. Nf3 Qf5 39. Rc1 Nxf3 40. gxf3 Qh5
41. Rg1 g6 42. Ra1 Bxh3 43. Rxa7 Bd6 0-1

[Event "ICS rated blitz match"]
[Site "204.178.125.65"]
[Date "2000.04.10"]
[Round "?"]
[White "Hossa"]
[Black "appel"]
[Result "1-0"]
[WhiteElo "2493"]
[BlackElo "2219"]
[PlyCount "54"]

1. e4 d5 2. exd5 Qxd5 3. Nc3 Qa5 4. d4 c6 5. Nf3 Bf5 6. Bd2 e6 7. Nh4 Bg6 8.
Nxg6 hxg6 9. Ne2 Qc7 10. h4 Bd6 11. c4 Nd7 12. c5 Be7 13. Bf4 Qd8 14. Qb3 Qc8
15. O-O-O Rxh4 16. Rxh4 Bxh4 17. g3 Bd8 18. Qe3 Ne7 19. Qf3 Bc7 20. Qh1 Bxf4+
21. Nxf4 Nf6 22. Qh8+ Neg8 23. Nd3 Qc7 24. Qxg7 O-O-O 25. Ne5 b6 26. Ba6+ Kb8
27. Nxf7 Rd7 1-0

[Event "ICS rated blitz match"]
[Site "204.178.125.65"]
[Date "2000.04.10"]
[Round "?"]
[White "appel"]
[Black "Hossa"]
[Result "1/2-1/2"]
[WhiteElo "2216"]
[BlackElo "2498"]
[PlyCount "150"]

1. d4 d5 2. c4 e6 3. Nc3 Nf6 4. cxd5 exd5 5. Bg5 Be7 6. Qc2 O-O 7. e3 c6 8. Bd3
Nbd7 9. Nf3 Re8 10. O-O Nf8 11. h3 Be6 12. Rab1 N8d7 13. Rfc1 Qc8 14. b4 a6 15.
a4 Bd6 16. b5 cxb5 17. axb5 a5 18. Na4 Qxc2 19. Rxc2 Ne4 20. Bh4 h6 21. Bxe4
dxe4 22. Nd2 f5 23. Nc4 Bxc4 24. Rxc4 g5 25. Bg3 f4 26. Bh2 Kf7 27. Rbc1 Ke6
28. Nc5+ Bxc5 29. dxc5 Kf5 30. exf4 gxf4 31. c6 bxc6 32. bxc6 Ne5 33. Rc5 Re7
34. c7 Rc8 35. g4+ Kg6 36. Bxf4 Nd3 37. Rc6+ Kf7 38. Bxh6 Nxc1 39. Rxc1 Rexc7
40. Ra1 Ra7 41. Ra4 Re8 42. Be3 Raa8 43. Kg2 Re5 44. Kg3 Kg8 45. h4 Re7 46. g5
Re5 47. Kg4 Re7 48. Bd2 Rf8 49. Be3 Ra8 50. h5 Ree8 51. Kf5 Re7 52. g6 Rf8+ 53.
Kg4 Rd7 54. Rxa5 Rd1 55. Rf5 Rg1+ 56. Kf4 Re8 57. Rg5 Rf8+ 58. Kxe4 Ra1 59. h6
Re1 60. Rf5 Rd8 61. Rf7 Rb8 62. h7+ Kh8 63. Re7 Rd1 64. Bd4+ Rxd4+ 65. Kxd4
Rd8+ 66. Ke5 Rd5+ 67. Ke6 Rd6+ 68. Kf7 Rf6+ 69. Ke8 Rxg6 70. Kd7 Rf6 71. Re8+
Kxh7 72. Re7+ Kg8 73. Re8+ Kh7 74. Re7+ Kg8 75. Re8+ Kh7 1/2-1/2

[Event "ICS unrated standard match"]
[Site "204.178.125.65"]
[Date "2000.04.10"]
[Round "?"]
[White "Hossa"]
[Black "Insania"]
[Result "0-1"]
[WhiteElo "2345"]
[BlackElo "2064"]
[PlyCount "148"]
[EventDate "2000.??.??"]

1. e4 e5 2. Nf3 Nc6 3. Nc3 Nf6 4. Nxe5 Nxe5 5. d4 Nc6 6. d5 Ne5 7. f4 Ng6 8. e5
Ng8 9. d6 c6 10. g3 b5 11. Ne4 Bb7 12. Nc5 Qb6 13. Qd4 f5 14. Be3 Bc8 15. Bh3
Nh6 16. e6 Qd8 17. O-O-O dxe6 18. d7+ Bxd7 19. Nxd7 Qc7 20. Nxf8 Rxf8 21. Qd6
Qc8 22. Bc5 Rf6 23. Rhe1 a5 24. Bg2 Ra6 25. h4 Nf7 26. Qd3 Nd8 27. Kb1 Rf7 28.
Bf3 Nb7 29. Ba3 Ne7 30. Re5 Nd8 31. Bh5 g6 32. Be2 Ra8 33. Bc5 Nb7 34. Bxe7
Rxe7 35. h5 Kf7 36. g4 Qc7 37. hxg6+ hxg6 38. Qh3 Rd8 39. Qh7+ Kf8 40. Qxg6
Rxd1+ 41. Bxd1 Qd7 42. Kc1 Nd6 43. Qh6+ Kg8 44. gxf5 exf5 45. c3 Nc4 46. Qg6+
Kh8 47. Qh5+ Kg8 48. Re2 Rxe2 49. Qxe2 Qd6 50. Qf2 Qd3 51. Bb3 a4 52. Bxc4+
Qxc4 53. Qd2 Qe6 54. Qd3 Kf7 55. Kd1 Qe4 56. Qxe4 fxe4 57. Ke2 Kg6 58. c4 Kf5
59. cxb5 cxb5 60. Ke3 b4 61. b3 a3 62. Ke2 Kxf4 63. Kf2 e3+ 64. Ke1 Ke4 65. Ke2
Kd4 66. Kf3 Kd3 67. Kf4 e2 68. Kf3 e1=Q 69. Kf4 Qe6 70. Kf3 Qf5+ 71. Kg3 Ke2
72. Kh4 Qg6 73. Kh3 Kf3 74. Kh4 Qg4# 0-1

[Event "ICS rated blitz match"]
[Site "204.178.125.65"]
[Date "2000.04.10"]
[Round "?"]
[White "Hossa"]
[Black "QueenMaxima"]
[Result "0-1"]
[WhiteElo "2487"]
[BlackElo "2465"]
[PlyCount "156"]
[EventDate "2000.??.??"]

1. e4 c5 2. Nf3 e6 3. d4 cxd4 4. Nxd4 Nf6 5. Nc3 d6 6. Be2 a6 7. O-O Qc7 8. Bg5
Nbd7 9. Qd2 Be7 10. Rad1 O-O 11. Nb3 b6 12. Qd4 Bb7 13. f4 Rfe8 14. Rfe1 h6 15.
Bh4 e5 16. Qd3 exf4 17. Bxf6 Nxf6 18. Qf3 b5 19. Rd4 Nh7 20. Qxf4 Bf6 21. Rd3
b4 22. Nd5 Qxc2 23. Rd2 Qxe4 24. Qxe4 Rxe4 25. Nxf6+ Nxf6 26. Rxd6 Rae8 27. Rd2
Bd5 28. Nc5 Rg4 29. g3 Bc4 30. Rc2 Re5 31. b3 Rd4 32. Rxc4 Rxc4 33. bxc4 Rxc5
34. Bf1 Kf8 35. Kg2 Ra5 36. Re2 Ra3 37. Kg1 a5 38. Rd2 Ne4 39. Rd4 Ng5 40. Rd8+
Ke7 41. Rb8 Rxa2 42. Rb7+ Kf6 43. Rb6+ Ne6 44. g4 Ra3 45. Kh1 Kg5 46. Rb7 Kg6
47. Rb6 b3 48. h4 a4 49. c5 Ra1 50. Kg2 Ra2+ 51. Kf3 Kf6 52. Bc4 Rc2 53. Bxe6
fxe6 54. Rb4 a3 55. Rxb3 a2 56. Ra3 Rc3+ 57. Rxc3 a1=Q 58. Rc2 g5 59. hxg5+
Kxg5 60. Ke2 Qe5+ 61. Kd3 Qd5+ 62. Ke2 Qe4+ 63. Kd2 Qf4+ 64. Kc3 Qf3+ 65. Kb4
Qb7+ 66. Kc3 e5 67. Kd2 Qd5+ 68. Kc1 Qc6 69. Rc4 e4 70. Rc3 Kxg4 71. Kd2 h5 72.
Ke2 h4 73. Ke3 h3 74. Rc2 Qd5 75. Rc3 h2 76. Ke2 h1=Q 77. Rc1 Qd3+ 78. Kf2 e3#
0-1

[Event "ICS rated blitz match"]
[Site "204.178.125.65"]
[Date "2000.04.10"]
[Round "?"]
[White "QueenMaxima"]
[Black "Hossa"]
[Result "1-0"]
[WhiteElo "2482"]
[BlackElo "2470"]
[PlyCount "139"]

1. d4 d5 2. c4 e6 3. Nc3 Nf6 4. Nf3 Be7 5. Bg5 h6 6. Bh4 Nc6 7. e3 g5 8. Bg3
Bb4 9. Ne5 Ne4 10. Nxc6 bxc6 11. Qa4 a5 12. Qxc6+ Bd7 13. Qxc7 Qxc7 14. Bxc7
Nxc3 15. a3 Nb5+ 16. axb4 Nxc7 17. bxa5 dxc4 18. Bxc4 Rb8 19. b3 Bb5 20. h4
gxh4 21. Rxh4 Bc6 22. Kf1 Rg8 23. g3 Rg6 24. Rc1 Kd7 25. Rf4 f6 26. e4 h5 27.
Rd1 Bb5 28. d5 Bxc4+ 29. bxc4 Ne8 30. c5 Ra8 31. Rh4 Rxa5 32. Rxh5 Rxc5 33.
dxe6+ Kc6 34. Rh8 Nc7 35. e7 Re5 36. Rc1+ Kd6 37. Rxc7 Kxc7 38. e8=Q Rxe8 39.
Rxe8 Kd7 40. Ra8 Rg4 41. Ra4 Rg8 42. Ra6 Ke7 43. Ke2 Rb8 44. Ke3 Rd8 45. g4 Rg8
46. f3 Rg5 47. Kd4 Kf7 48. Ra7+ Ke8 49. Rb7 Ra5 50. f4 Kf8 51. Rc7 Ra4+ 52. Kd5
Ke8 53. Ke6 Ra6+ 54. Kf5 Rb6 55. Rg7 Kf8 56. Rg6 Ke7 57. e5 Rc6 58. g5 Rc5 59.
gxf6+ Kf8 60. Rh6 Ke8 61. Kg6 Rc6 62. Rh8+ Kd7 63. Kf5 Ra6 64. f7 Kc6 65. Rc8+
Kb7 66. f8=Q Ra5 67. Rb8+ Ka7 68. Qd8 Rb5 69. Rxb5 Ka6 70. Qb6# 1-0

[Event "ICS rated blitz match"]
[Site "204.178.125.65"]
[Date "2000.04.10"]
[Round "?"]
[White "Hossa"]
[Black "counterplay"]
[Result "0-1"]
[WhiteElo "2455"]
[BlackElo "2852"]
[PlyCount "90"]
[EventDate "2000.??.??"]

1. e4 c5 2. Nf3 d6 3. d4 cxd4 4. Nxd4 Nf6 5. Nc3 Nc6 6. Be3 e6 7. Bb5 Bd7 8.
Ba4 Ne5 9. Bxd7+ Qxd7 10. O-O Be7 11. Qe2 O-O 12. f4 Neg4 13. Rfd1 Rfc8 14. a4
Rc5 15. Ndb5 Nxe3 16. Qxe3 Qc6 17. g3 a6 18. Nd4 Qc7 19. Ra3 Rd8 20. Qf3 Rc4
21. Rb3 d5 22. e5 Bc5 23. exf6 Bxd4+ 24. Rxd4 Rxd4 25. f5 e5 26. fxg7 Rd2 27.
f6 Rxc2 28. Qe3 d4 29. Qd3 dxc3 30. Qxc2 Qc5+ 31. Qf2 Rd1+ 32. Kg2 Rd2 33. Qxd2
cxd2 34. Rd3 d1=Q 35. Rxd1 Qc2+ 36. Kf3 Qxd1+ 37. Ke4 Qe1+ 38. Kf5 e4 39. Kg4
e3 40. b4 Qd1+ 41. Kf4 e2 42. b5 e1=Q 43. h4 Qf2+ 44. Kg5 Qxg3+ 45. Kh6 Qxh4#
0-1

[Event "ICS rated blitz match"]
[Site "204.178.125.65"]
[Date "2000.04.10"]
[Round "?"]
[White "QueenMaxima"]
[Black "Hossa"]
[Result "0-1"]
[WhiteElo "2499"]
[BlackElo "2452"]
[PlyCount "90"]

1. d4 d5 2. c4 e6 3. Nc3 Nf6 4. Nf3 Bb4 5. Bg5 dxc4 6. e4 c5 7. e5 cxd4 8. Qa4+
Nc6 9. O-O-O Bxc3 10. bxc3 h6 11. Nxd4 Bd7 12. Nxc6 hxg5 13. exf6 bxc6 14. fxg7
Rg8 15. Qxc4 Rxg7 16. h4 Rb8 17. Qd4 Rg8 18. h5 Qc7 19. g4 c5 20. Qd2 Qb7 21.
Bd3 Bc6 22. Rhe1 Bf3 23. Qc2 Bxd1 24. Rxd1 Ke7 25. Bh7 Rgd8 26. Rxd8 Rxd8 27.
Be4 Qa6 28. Bf3 Qc4 29. Bd1 Qf4+ 30. Kb1 Rd2 31. Qa4 Qxf2 32. Bc2 Rd7 33. Qe4
Kf6 34. Kb2 Rd6 35. Kb3 Qf1 36. Kb2 c4 37. Ka3 Rd2 38. Kb4 Rd5 39. Ka4 Qf2 40.
Qh7 Qc5 41. Qh6+ Ke7 42. Qxg5+ Rxg5 43. Bf5 exf5 44. gxf5 Rxf5 45. h6 Qa5# 0-1

[Event "ICS rated blitz match"]
[Site "204.178.125.65"]
[Date "2000.04.10"]
[Round "?"]
[White "Hossa"]
[Black "QueenMaxima"]
[Result "1-0"]
[WhiteElo "2470"]
[BlackElo "2481"]
[PlyCount "113"]

1. e4 c5 2. Nf3 d6 3. d4 cxd4 4. Nxd4 Nf6 5. Nc3 a6 6. Bg5 e6 7. f4 Qb6 8. Qd2
Qxb2 9. Rb1 Qa3 10. f5 b5 11. Bd3 Be7 12. fxe6 fxe6 13. Rb3 Qa5 14. O-O O-O 15.
Nd5 Qd8 16. Nxe7+ Qxe7 17. Rc3 Nbd7 18. Rc7 h6 19. Nc6 Qe8 20. Bxf6 Rxf6 21.
Rxf6 Nxf6 22. Qb4 Kh8 23. Qxd6 Nh7 24. Ne5 Nf8 25. g4 Bd7 26. Nxd7 Qd8 27. e5
Qg5 28. Nxf8 Qxg4+ 29. Kf2 Qf4+ 30. Ke1 Rxf8 31. Kd1 Qf2 32. Kc1 Re8 33. Re7
Ra8 34. Rb7 Rg8 35. Rb8 Qe3+ 36. Kb2 Qa7 37. Rxg8+ Kxg8 38. Bg6 Qa8 39. Qxe6+
Kh8 40. Qe7 Qb8 41. h4 a5 42. h5 b4 43. Be8 Kg8 44. Kc1 Qa8 45. Qf7+ Kh7 46.
Qf8 Qh1+ 47. Kb2 Qe4 48. Bg6+ Qxg6 49. hxg6+ Kxg6 50. e6 Kh5 51. Qxg7 a4 52.
Qg3 a3+ 53. Kc1 b3 54. e7 b2+ 55. Kd2 b1=N+ 56. Ke3 Nd2 57. e8=Q# 1-0

[Event "ICS rated bullet match"]
[Site "204.178.125.65"]
[Date "2000.04.10"]
[Round "?"]
[White "Hossa"]
[Black "PostModernist"]
[Result "0-1"]
[WhiteElo "2364"]
[BlackElo "2520"]
[PlyCount "92"]

1. e4 e5 2. Nf3 Nc6 3. Nc3 Nf6 4. Nxe5 Bb4 5. Nxc6 dxc6 6. d3 Qd4 7. Be2 Bxc3+
8. bxc3 Qxc3+ 9. Bd2 Qc5 10. O-O Be6 11. Rb1 O-O-O 12. a4 Rhe8 13. Bb4 Qe5 14.
Qc1 c5 15. Bd2 Bg4 16. f3 Bh5 17. c3 b6 18. Qb2 Qd6 19. Be3 Nd5 20. Bg5 f6 21.
Bd2 Nf4 22. Bxf4 Qxf4 23. Rf2 Bf7 24. d4 cxd4 25. cxd4 Kb8 26. Bb5 Re7 27. Bc6
f5 28. Qb4 Qd6 29. Qb5 fxe4 30. fxe4 Bg6 31. Qg5 Bxe4 32. Bxe4 Rxe4 33. a5 Qxd4
34. axb6 cxb6 35. Rbf1 Rf8 36. Qc1 Re2 37. Qa3 Rfxf2 38. Qg3+ Rf4+ 39. Kh1 Qe5
40. Rd1 Re3 41. Qxf4 Qxf4 42. Kg1 Re2 43. Rf1 Qe3+ 44. Kh1 Qf2 45. Rg1 Re1 46.
Rxe1 Qxe1# 0-1

[Event "ICS rated blitz match"]
[Site "204.178.125.65"]
[Date "2000.04.10"]
[Round "?"]
[White "JudgeTurpin"]
[Black "Hossa"]
[Result "1-0"]
[WhiteElo "2668"]
[BlackElo "2487"]
[PlyCount "95"]

1. c4 e5 2. e3 Nf6 3. a3 Nc6 4. b4 d5 5. Bb2 d4 6. b5 Na5 7. d3 dxe3 8. fxe3
Ng4 9. Qa4 Qh4+ 10. g3 Qf6 11. Be2 Qf2+ 12. Kd2 Qg2 13. Nc3 Qxh1 14. Nf3 Qg2
15. Qxa5 Nxh2 16. Nxh2 b6 17. Qa4 Qxh2 18. Nd5 Bd6 19. c5 bxc5 20. Qe4 Kd8 21.
Nxc7 Bxc7 22. Qd5+ Ke7 23. Rh1 Qxg3 24. Qxa8 Ba5+ 25. Kd1 Bb6 26. Qe4 Bc7 27.
Qa8 Qxe3 28. Qxa7 Kd8 29. b6 Bd6 30. b7 Bg4 31. b8=Q+ Bxb8 32. Qxb8+ Ke7 33.
Qc7+ Bd7 34. Bxe5 Rc8 35. Qd6+ Ke8 36. Rxh7 Ba4+ 37. Ke1 Qg1+ 38. Kd2 Qg5+ 39.
Bf4 Qxf4+ 40. Qxf4 Ke7 41. Qe5+ Kd7 42. Bg4+ Kc6 43. Bxc8 Bb3 44. Qe8+ Kb6 45.
Qd8+ Kb5 46. Qd7+ Ka5 47. Qa7+ Kb5 48. Bd7# 1-0

[Event "ICS Rated standard match"]
[Site "204.178.125.65"]
[Date "2000.04.10"]
[Round "?"]
[White "chess-bomber"]
[Black "Hossa"]
[Result "0-1"]
[WhiteElo "1995"]
[BlackElo "2345"]
[PlyCount "88"]

1. g3 Nf6 2. Bg2 d5 3. d3 e5 4. Nd2 Nc6 5. c3 Bd6 6. Qc2 O-O 7. Ngf3 a5 8. b3
d4 9. c4 Nb4 10. Qb1 a4 11. a3 Nc6 12. b4 Re8 13. c5 Bf8 14. Qc2 Bf5 15. O-O e4
16. Nh4 exd3 17. exd3 Bg4 18. Nhf3 Re2 19. Bb2 Qd5 20. Rae1 Bxf3 21. Rxe2 Bxg2
22. Rfe1 Bh3 23. f3 Qd7 24. Nc4 Qf5 25. Nd2 Rd8 26. Rf2 Ne5 27. g4 Qxd3 28.
Qxd3 Nxd3 29. Rb1 Nxf2 30. Kxf2 h5 31. g5 Nh7 32. f4 Bg4 33. Nc4 d3 34. Bc3 g6
35. Ke3 Bg7 36. Bxg7 Kxg7 37. Kd2 Bf5 38. Re1 Rd4 39. Nb2 Rxf4 40. Nxa4 Rf2+
41. Ke3 Rxh2 42. Nc3 Nxg5 43. a4 Rh3+ 44. Kd2 Nf3+ 0-1